Biblioteca

Die Bücher Josua, Richter, Ruth (Registro nro. 65681)

Detalles MARC
000 -LÍDER
Campo fijo de descripción fija 02840nam a22003974i 4500
001 - NÚMERO DE CONTROL
Campo de control 768714001
003 - IDENTIFICADOR DEL NÚMERO DE CONTROL
Campo de control CO-MdFUSB
005 - FECHA Y HORA DE LA ULTIMA TRANSACCIÓN
control field 20240727122501.0
007 - CAMPO FIJO DE DESCRIPCIÓN FIJA--INFORMACIÓN GENERAL
Campo fijo de descripción fija ta
008 - ELEMENTOS DE LONGITUD FIJA -- INFORMACIÓN GENERAL
Campo fijo de descripción fija -- Información general 200416b enk |||| |||| 00| 0 ger d
020 ## - NÚMERO INTERNACIONAL NORMALIZADO PARA LIBROS
Número Internacional Normalizado del libro 9783525511459
040 ## - FUENTE DE CATALOGACIÓN
Agencia de catalogación original CO-MdFUSB
Idioma de catalogación spa
Agencia que realiza la transcripción CO-MdFUSB
Agencia que realiza la modificación CO-MdFUSBC
Convenciones de la descripción rda
041 ## - CÓDIGO DE IDIOMA
Código de idioma para texto/pista de sonido o título separado ger
082 ## - NÚMERO DE CLASIFICACIÓN DECIMAL DEWEY
Número de la edición del Dewey 23
Número de clasificación 221.7
Clave de autor-Numero de item H249
100 ## - ASIENTO PRINCIPAL--NOMBRE PERSONAL
Nombre personal Hertzberg, Hans Wilhelm
Término relacionador autor
245 ## - TÍTULO
Título del Material Die Bücher Josua, Richter, Ruth
Mención de responsabilidad, etc. / Hans Wilhelm Hertzberg
264 #1 - PRODUCCIÓN, PUBLICACIÓN, DISTRIBUCIÓN, MANUFACTURA, Y COPYRIGHT
Lugar de producción, publicación, distribución, manufactura Alemania :
Nombre del productor, publicador, distribuidor Vandenhoeck y Ruprecht,
Fecha de producción, publicación, distribución, manufactura, o copyright [1985]
264 #4 - PRODUCCIÓN, PUBLICACIÓN, DISTRIBUCIÓN, MANUFACTURA, Y COPYRIGHT
Fecha de producción, publicación, distribución, manufactura, o copyright ©1985
300 ## - DESCRIPCIÓN FÍSICA
Extensión 285 páginas
Dimensiones ; 25 cm.
336 ## - TIPO DE CONTENIDO
Fuente rdacontent
Término de tipo de contenido texto
Código de tipo de contenido txt
337 ## - TIPO DE MEDIO
Fuente rdamedia
Nombre del tipo de medio sin mediación
Código del tipo de medio n
338 ## - TIPO DE SOPORTE
Fuente rdacarrier
Nombre del tipo de soporte volumen
Código Tipo de soporte nc
490 1# - MENCIÓN DE SERIE
Mención de serie Das Alte Testament deutsch,
505 ## - NOTA DE CONTENIDO
Nota de contenido con formato preestablecido Walter Beyerlin, Introducción al Antiguo Testamento. -- Gerhard von Rad, El primer libro de Moisés / Génesis Cap. 1-12:9. -- Gerhard von Rad, El primer libro de Moisés / Génesis Cap. 12:10-25:18. -- Gerhard von Rad, El primer libro de Moisés / Génesis Cap. 25:19-50:26. -- Martin Noth, El Segundo Libro de Moisés / Éxodo. -- Martin Noth, El tercer libro de Moisés/ Levítico. -- Martin Noth, El cuarto libro de Moisés / Números. -- Gerhard von Rad, El Quinto Libro de Moisés / Deuteronomio. -- Hans Wilhelm Herzberg, Los libros de Josué, Jueces, Rut. -- Hans Wilhelm Herzberg, Die Samuelbücher, Ernst Würthwein, Los libros de los reyes. -- Kurt Galling, Los libros de las crónicas, Esdras, Nehemías. -- Artur Weifer, El Libro de Job. -- Artur Weifer, Los Salmos 1-60. -- Arthur Weiser, Salmos 61-150. -- Helmer Ringgren, Dichos. Walther Zimmerli, predicador. Helmer Ringgren, El Cantar de los Cantares. Artur Weifer, Lamentaciones. Helmer Ringgren, El libro de Ester. -- Otto Kaifer, El Profeta Isaías Cap. 1-12. -- Otto Kaifer, El Profeta Isaías Cap. 13-39. -- Claus Westermann, El Profeta Isaías Cap. 40-60. -- Artur Weiser, El Libro del Profeta Jeremías Cap. 1-25:14. -- Artur Weiser, El Libro del Profeta Jeremías Cap. 25:15-52:34. -- Walther Eichrodt, El profeta Ezequiel Cap. 1-18. -- Walther Eichrodt, El profeta Ezequiel Cap. 19-48. -- Norman W. Porteous, El Libro de Daniel. -- Artur Weiser, El Libro de los Doce Profetas Menores I: Los Profetas Oseas, Joel, Amos, Obadja, Jona, Micha. -- Karl Elliger, El Libro de los Doce Profetas Menores II: Los Profetas de Nahum. Habacuc, Sofonías, Hageo, Zacarías, Malaquías.
563 ## - NOTA DE ENCUADERNACIÓN
Nota de encuadernación Pasta dura
630 07 - TITULO UNIFORME
Título uniforme Biblia.
Nombre de parte o sección de la obra Josué
Subdivisión de materia general Crítica, interpretación, etc.
630 07 - TITULO UNIFORME
Título uniforme Biblia.
Nombre de parte o sección de la obra Jueces
Subdivisión de materia general Crítica, interpretación, etc.
630 #7 - TITULO UNIFORME
Título uniforme Biblia.
Nombre de parte o sección de la obra Rut
Subdivisión de materia general Crítica, interpretación, etc.
653 ## - TÉRMINO DE INDIZACIÓN - NO CONTROLADO
Término no controlado Bücher Josua
653 ## - TÉRMINO DE INDIZACIÓN - NO CONTROLADO
Término no controlado Tanaj
653 ## - TÉRMINO DE INDIZACIÓN - NO CONTROLADO
Término no controlado Nevi'im
830 ## - PUNTO DE ACCESO ADICIONAL DE SERIE - TÍTULO UNIFORME
Título uniforme Alte Testament deutsch,
Designación de volumen o secuencia 9
942 ## - TIPO DE MATERIAL (KOHA)
Tipo de Item KOHA Libros General
945 ## - INFORMACIÓN LOCAL DEL REGISTRO
Catalogador JTF-925
Revisión registro AEM-53
Existencias
Estado de Material Estado de Perdido Forma de Clasificación Estado de Dañado No para Préstamo Colección Biblioteca de Origen Biblioteca Permanente Fecha de Adquisición Forma de Adquisición Área Total de Préstamos Signatura Topográfica Código de Barras Última vez visto Ejemplar/Existencia Fecha de Remplazo Tipo de Material
    Dewey Decimal Classification     Colección General Biblioteca FUSBC Biblioteca FUSBC 16/04/2020 Donación Nottingham BIBLIA   G 221.77 H249d 24568 16/04/2020 Ej.1 16/04/2020 Libros General

Biblioteca FUSBC | Teléfono: (57+4) 349 88 10 Ext. 141| WhatsApp (+57) 3005338115 
E-mail: biblioteca@unisbc.edu.co | Calle 76 87-14 Robledo Palenque, Medellín, Colombia

Con tecnología Koha